000 00903 a2200181 4500
003 Nust
005 20230526145413.0
010 _a 81038445
040 _cNust
082 0 0 _a004.35,PAR
245 0 0 _aParallel processing systems /
_cedited by David J. Evans.
260 _aCambridge [Cambridgeshire] ;
_aNew York :
_bCambridge University Press,
_c1982.
300 _a399 p. :
_bill. ;
_c24 cm.
505 _aPART-1: Parallel and Distributed Computer Systems (Page-1), PART-2: Analysis of Parallel Programming Systems (Page-75), PART-3: The Lough borough MIMD Parallel Processor System (Page-143), PART-4: SIMD Architectures and Languages (Page-193), PART-5: Data Flow Processors: Design and Organization (Page-239), PART-6: Parallel Computer Algorithms (Page-285).
650 0 _aParallel processing (Electronic computers)
_936595
700 1 _aEvans, David J.
_995369
942 _2ddc
_cBK
_k004.35,PAR
999 _c176308
_d176308